| 000 | 01908nam a2200301Ia 4500 | ||
|---|---|---|---|
| 999 |
_c55015 _d55015 |
||
| 001 | 22089 | ||
| 003 | GE_BSU | ||
| 005 | 20221021120115.0 | ||
| 008 | 181216s ||||ge |||||||||||||| ||geo|| | ||
| 020 | _a978-9941-18-167-2 | ||
| 040 | _cGE_BSU | ||
| 041 | _ageo | ||
| 080 | _a59(038):81'373.222(038) ქ-68 | ||
| 100 |
_aქორქია, ი. _915426 |
||
| 245 |
_aცხოველთა სახელების ექვსენოვანი მოკლე ლექსიკონი : _b(ქართული, ლათინური, რუსული, ინგლისური, გერმანული, ფრანგული) / _c ი. ქორქია, ე. ცქიტიშვილი, ე. ცხადაია ; რედ. ირაკლი ელიავა. |
||
| 264 |
_aთბილისი : _bილიას სახელმწ. უნ-ტი, _c2013. |
||
| 300 |
_a163 გვ. ; _c 22 სმ. |
||
| 504 | _aბიბლიოგრაფია გვ. 163 | ||
| 541 | _h5ლ.90თ. | ||
| 653 | _aზოოლოგია | ||
| 653 | _aცხოველთა სახელების ექვსენოვანი მოკლე ლექსიკონი : (ქართული, ლათინური, რუსული, ინგლისური, გერმანული, ფრანგული) | ||
| 653 | _aცხოველთა სახელების ლექსიკონი | ||
| 700 |
_aცქიტიშვილი, ე. _eავტორი _915427 |
||
| 700 |
_aცხადაია, ე. _eავტორი _915428 |
||
| 700 |
_a ელიავა, ირაკლი _eრედაქტორი _915429 |
||
| 710 |
_aილიას სახელმწიფო უნივერსიტეტი _bზოოლოგიის ინსტიტუტი _915430 |
||
| 942 |
_cBK _2udc |
||